Man Lagan Bhajan (Record no. 7488)

MARC details
000 -LEADER
fixed length control field 00619nam a2200229 a 4500
020 ## - INTERNATIONAL STANDARD BOOK NUMBER
ISBN
082 00 - DEWEY DECIMAL CLASSIFICATION NUMBER
Classification number 245
Author Cutter NOR
245 ## - TITLE STATEMENT
Title Man Lagan Bhajan
260 ## - PUBLICATION, DISTRIBUTION, ETC. (IMPRINT)
Place of publication Allahabad
Name of publisher North India Christian Tracts
Year of publication 1946
300 ## - PHYSICAL DESCRIPTION
Number of Pages 32p
500 ## - GENERAL NOTE
General note includes index and biblioraphy
505 2# - FORMATTED CONTENTS NOTE
Formatted contents note maulana hafiz daraz al-hashiyatah/Al-minhiyal-al-salam
650 ## - SUBJECT ADDED ENTRY--TOPICAL TERM
Topical Term Christian-Poetry
942 ## - ADDED ENTRY ELEMENTS (KOHA)
Koha item type Books
Holdings
Home library Current library Date acquired Cost, normal purchase price Full call number Accession Number Koha item type
Henry Martyn Institute Library Henry Martyn Institute Library 07/05/2007 100.00 245 NOR 13476 Archive Book
                   Copyright © 2026 | Henry Martyn Institute | Hyderabad | TS-500052 | INDIA | Implemented by hmi.edu.in
Hit-Count:

Powered by Koha